<?xml version="1.0" encoding="UTF-8"?><?xml-stylesheet type="text/xsl" href="static/style.xsl"?><OAI-PMH xmlns="http://www.openarchives.org/OAI/2.0/" xmlns:xsi="http://www.w3.org/2001/XMLSchema-instance" xsi:schemaLocation="http://www.openarchives.org/OAI/2.0/ http://www.openarchives.org/OAI/2.0/OAI-PMH.xsd"><responseDate>2026-04-13T14:24:30Z</responseDate><request verb="GetRecord" identifier="oai:www.recercat.cat:10459.1/83393" metadataPrefix="marc">https://recercat.cat/oai/request</request><GetRecord><record><header><identifier>oai:recercat.cat:10459.1/83393</identifier><datestamp>2024-12-05T21:22:56Z</datestamp><setSpec>com_2072_3622</setSpec><setSpec>col_2072_479130</setSpec></header><metadata><record xmlns="http://www.loc.gov/MARC21/slim" xmlns:dcterms="http://purl.org/dc/terms/" xmlns:xsi="http://www.w3.org/2001/XMLSchema-instance" xmlns:doc="http://www.lyncode.com/xoai" xsi:schemaLocation="http://www.loc.gov/MARC21/slim http://www.loc.gov/standards/marcxml/schema/MARC21slim.xsd">
   <leader>00925njm 22002777a 4500</leader>
   <datafield ind2=" " ind1=" " tag="042">
      <subfield code="a">dc</subfield>
   </datafield>
   <datafield ind2=" " ind1=" " tag="720">
      <subfield code="a">Rizos Jiménez, Carlos Ángel</subfield>
      <subfield code="e">author</subfield>
   </datafield>
   <datafield ind2=" " ind1=" " tag="260">
      <subfield code="c">2022-05-26T13:21:30Z</subfield>
   </datafield>
   <datafield ind2=" " ind1=" " tag="260">
      <subfield code="c">2022-12-31T23:07:06Z</subfield>
   </datafield>
   <datafield ind2=" " ind1=" " tag="260">
      <subfield code="c">2020</subfield>
   </datafield>
   <datafield ind2=" " ind1=" " tag="260">
      <subfield code="c">2022-05-26T13:21:30Z</subfield>
   </datafield>
   <datafield ind2=" " ind1=" " tag="520">
      <subfield code="a">Análisis de la obra Mi primer ensayo (1884), firmada por «Casta Esteban y Navarro, viuda de Gustavo A. Bécquer» a la luz de su comparación con otra obra firmada por su presunto auténtico autor, José Gómez de Santiago, titulada La sombra de Bécquer (1886). Nos encontramos aquí el excepcional caso de un hombre que firmó con nombre de mujer, posiblemente con la intención de dar mayor popularidad a su obra aprovechando la fama del difunto poeta, pero en un momento en que todavía vivía la persona cuyo nombre usurpó, que no falleció hasta 1885.</subfield>
   </datafield>
   <datafield ind2=" " ind1=" " tag="520">
      <subfield code="a">Analysis of the work My first essay (1884), signed by ‘Casta Esteban y Navarro, Gustavo A. Bécquer’s widow’ in the light of its comparison with another work signed by his supposed authentic author, José Gómez de Santiago, its title is The Becquer’s shadow (1886). We have here the exceptional case of a man who signed with a woman’s name, perhaps because he looked for more popularity for his work by exploiting the fame of the deceased poet, but during the time when the woman whose name he usurped was still alive; she didn’t die until 1885.</subfield>
   </datafield>
   <datafield ind2=" " ind1=" " tag="520">
      <subfield code="a">Lo esencial de este estudio se presentó, bajo el título «El sexo de la viuda de Bécquer», en forma de comunicación en el II Coloquio Internacional «Género y Sexualidad en las Culturas Hispánicas» (8 y 9 de octubre de 2018), organizado por la Universidad de Lleida (coordinadores: Rafael M. Mérida Jiménez y Mª Teresa Vera-Rojas) en el marco del proyecto de investigación «Diversidad de género, masculinidad y cultura en España, Argentina y México» (FEM2015-69863-P MINECO-FEDER).</subfield>
   </datafield>
   <datafield ind1="8" ind2=" " tag="024">
      <subfield code="a">http://hdl.handle.net/10459.1/83393</subfield>
   </datafield>
   <datafield tag="653" ind2=" " ind1=" ">
      <subfield code="a">Gustavo Adolfo Bécquer</subfield>
   </datafield>
   <datafield tag="653" ind2=" " ind1=" ">
      <subfield code="a">Autoría y participación</subfield>
   </datafield>
   <datafield tag="653" ind2=" " ind1=" ">
      <subfield code="a">Literatura femenina</subfield>
   </datafield>
   <datafield tag="653" ind2=" " ind1=" ">
      <subfield code="a">Romanticismo</subfield>
   </datafield>
   <datafield tag="653" ind2=" " ind1=" ">
      <subfield code="a">Ensayo literario</subfield>
   </datafield>
   <datafield ind2="0" ind1="0" tag="245">
      <subfield code="a">La verdadera autoría del libro de la viuda de Gustavo A. Bécquer</subfield>
   </datafield>
   <datafield ind2="0" ind1="0" tag="245">
      <subfield code="a">The veritable author of the book of Gustavo A. Bécquer’s widow</subfield>
   </datafield>
</record></metadata></record></GetRecord></OAI-PMH>